[Event "10th European Teams w"]
[Site "Warsaw POL"]
[Date "2013.11.09"]
[Round "2.5"]
[White "Makropoulou, Marina"]
[Black "Milliet, Sophie"]
[Result "0-1"]
[WhiteTitle "WGM"]
[BlackTitle "IM"]
[WhiteElo "2234"]
[BlackElo "2383"]
[WhiteTeam "Greece"]
[BlackTeam "France"]
[WhiteFideId "4200187"]
[BlackFideId "623725"]
[EventDate "2013.11.08"]

1. e4 e5 2. Nf3 Nc6 3. Bb5 a6 4. Ba4 Nf6 5. O-O Be7 6. Re1 b5 7. Bb3 O-O 8. a3
d6 9. h3 Be6 10. c3 Bxb3 11. Qxb3 d5 12. d3 dxe4 13. dxe4 Qd3 14. Bg5 Nxe4 15.
Bxe7 Nxe7 16. Nxe5 Nc5 17. Qb4 Qd6 18. c4 a5 19. Qc3 b4 20. Qf3 Rae8 21. axb4
axb4 22. Ng4 Nc6 23. Rxe8 Rxe8 24. Ne3 Ne4 25. Qf5 h6 26. Ra6 Nd4 27. Rxd6 Nxf5
28. Rc6 Nxe3 29. fxe3 Rd8 30. Kh2 Rd1 31. Na3 bxa3 32. bxa3 Rd3 33. a4 Rxe3 34.
Rxc7 Ra3 35. Ra7 g5 36. g4 Ra2+ 37. Kg1 Kg7 38. Ra8 Kf6 39. a5 Ke5 40. a6 Kf4
41. a7 Kf3 42. Rb8 Rxa7 43. Rb3+ Kf4 0-1

[Event "10th European Teams w"]
[Site "Warsaw POL"]
[Date "2013.11.09"]
[Round "2.5"]
[White "Maisuradze, Nino"]
[Black "Fakhiridou, Ekaterini"]
[Result "1/2-1/2"]
[WhiteTitle "WGM"]
[BlackTitle "WIM"]
[WhiteElo "2302"]
[BlackElo "2168"]
[WhiteTeam "France"]
[BlackTeam "Greece"]
[WhiteFideId "13601717"]
[BlackFideId "4202848"]
[EventDate "2013.11.08"]

1. d4 e6 2. c4 f5 3. Nf3 Nf6 4. g3 d5 5. Bg2 c6 6. O-O Bd6 7. Nc3 O-O 8. Qc2 Ne4
9. Rb1 Bd7 10. b4 Be8 11. b5 Nxc3 12. Qxc3 Nd7 13. bxc6 bxc6 14. Ng5 Bf7 15.
cxd5 cxd5 16. Qc6 Nb6 17. Bf4 Bxf4 18. Nxe6 Qd6 19. Qxd6 Bxd6 20. Nxf8 Bxf8 21.
Rfc1 Re8 22. Rc7 Re7 23. Rxe7 Bxe7 24. Rb5 g6 25. Ra5 Nc8 26. Bxd5 Bxd5 27. Rxd5
Kf7 28. Rd7 a5 29. Rc7 Nd6 30. e3 Kf6 31. Kf1 h5 32. Ke2 g5 33. h3 g4 34. hxg4
hxg4 35. f3 gxf3+ 36. Kxf3 Ke6 37. g4 fxg4+ 38. Kxg4 Nb5 39. Rb7 Nc3 40. Ra7 a4
41. e4 Nxe4 42. Rxa4 Kd5 43. Kf5 Nc3 44. Ra7 Bd6 45. a4 Kxd4 46. a5 Bc5 47. Rb7
Kd5 48. a6 Kc6 1/2-1/2

[Event "10th European Teams w"]
[Site "Warsaw POL"]
[Date "2013.11.09"]
[Round "2.5"]
[White "Tsolakidou, Stavroula"]
[Black "Benmesbah, Natacha"]
[Result "1-0"]
[BlackTitle "WIM"]
[WhiteElo "2117"]
[BlackElo "2248"]
[WhiteTeam "Greece"]
[BlackTeam "France"]
[WhiteFideId "4264312"]
[BlackFideId "642002"]
[EventDate "2013.11.08"]

1. e4 c5 2. Nf3 Nc6 3. d4 cxd4 4. Nxd4 e5 5. Nb5 d6 6. c4 Be7 7. Bd3 Be6 8. O-O
Rc8 9. N5c3 Bg5 10. Nd5 Bxc1 11. Qxc1 Nge7 12. Nbc3 Bxd5 13. exd5 Nb4 14. Be2 a5
15. f4 Ng6 16. a3 Na6 17. fxe5 Nxe5 18. Qf4 O-O 19. Kh1 Qb6 20. Rab1 Qb3 21. Ne4
Nxc4 22. Rf3 Qa2 23. Nf6+ Kh8 24. Qf5 g6 25. Rh3 Qxb1+ 26. Qxb1 Kg7 27. Qf1 1-0

[Event "10th European Teams w"]
[Site "Warsaw POL"]
[Date "2013.11.09"]
[Round "2.6"]
[White "Bojkovic, Natasa"]
[Black "Bulmaga, Irina"]
[Result "1-0"]
[WhiteTitle "IM"]
[BlackTitle "IM"]
[WhiteElo "2405"]
[BlackElo "2399"]
[WhiteTeam "Serbia"]
[BlackTeam "Romania"]
[WhiteFideId "908550"]
[BlackFideId "13903063"]
[EventDate "2013.11.08"]

1. e4 c5 2. Nf3 d6 3. d4 cxd4 4. Qxd4 Nc6 5. Bb5 Bd7 6. Qd3 Nf6 7. c4 e6 8. Nc3
Be7 9. O-O a6 10. Bxc6 Bxc6 11. Rd1 O-O 12. Qe2 Qc7 13. a4 b6 14. Bf4 Qb7 15.
Re1 Rfd8 16. Rad1 h6 17. Nd4 Be8 18. Bg3 Rac8 19. Rc1 Nd7 20. b3 Bf6 21. Red1
Nc5 22. Rb1 Qe7 23. f3 Be5 24. Bf2 a5 25. Ndb5 Bxb5 26. Nxb5 Qf6 27. Rd2 Bf4 28.
Be3 Bxe3+ 29. Qxe3 d5 30. cxd5 exd5 31. Rxd5 Rxd5 32. exd5 Qf5 33. Rd1 Qd7 34.
d6 Re8 35. Qd4 Re2 36. Nc3 Re6 37. Ne4 Nxe4 38. fxe4 f6 39. Qxb6 Rxe4 40. Qxa5
Kh7 41. Qc7 Qe6 42. Qc2 f5 43. Qf2 Qxb3 44. Qxf5+ g6 45. Qf1 Rd4 46. Rb1 Qe6 47.
Rb7+ Kg8 48. Rb8+ Kh7 49. Rb7+ Kg8 50. Re7 Qd5 51. Re8+ Kh7 52. Re1 h5 53. Qf6
Rd1 54. Qe7+ Kh6 55. Rxd1 Qxd1+ 56. Kf2 Qd2+ 57. Kf3 Qd1+ 58. Ke3 Qb3+ 59. Kf2
Qb2+ 60. Qe2 Qf6+ 61. Ke1 Qa1+ 62. Qd1 Qe5+ 63. Kf2 Qxh2 64. Qd2+ Kg7 65. Qd4+
Kh7 66. d7 h4 67. d8=Q Qg3+ 68. Kf1 1-0

[Event "10th European Teams w"]
[Site "Warsaw POL"]
[Date "2013.11.09"]
[Round "2.6"]
[White "L'Ami, Alina"]
[Black "Manakova, Maria"]
[Result "1/2-1/2"]
[WhiteTitle "WGM"]
[BlackTitle "WGM"]
[WhiteElo "2361"]
[BlackElo "2324"]
[WhiteTeam "Romania"]
[BlackTeam "Serbia"]
[WhiteFideId "1210246"]
[BlackFideId "927007"]
[EventDate "2013.11.08"]

1. d4 Nf6 2. c4 e6 3. Nc3 Bb4 4. e3 O-O 5. Bd3 c5 6. Nf3 d5 7. O-O Nc6 8. a3
Bxc3 9. bxc3 Qc7 10. Bb2 Rd8 11. Qe2 b6 12. cxd5 exd5 13. h3 c4 14. Bc2 Ne7 15.
Ne5 Bf5 16. f3 Bxc2 17. Qxc2 Nc6 18. Ng4 Nxg4 19. hxg4 b5 20. Kf2 Qe7 21. Rh1 h6
22. Rh5 f6 23. Re1 Qf7 24. e4 Ne7 25. Bc1 dxe4 26. Rxb5 e3+ 27. Bxe3 Nd5 28. Bd2
Rab8 29. Qb1 Qc7 30. Rxb8 Rxb8 31. Qf5 Qf7 32. Kg1 g6 33. Qe4 Kg7 34. Qe2 Rc8
35. Qe6 Rc7 36. Qxf7+ Kxf7 37. Rb1 Nb6 38. Kf2 g5 39. f4 Rd7 40. Rh1 Kg7 41. g3 1/2-1/2

[Event "10th European Teams w"]
[Site "Warsaw POL"]
[Date "2013.11.09"]
[Round "2.6"]
[White "Vojinovic, Jovana"]
[Black "Foisor, Cristina-Adela"]
[Result "0-1"]
[WhiteTitle "WGM"]
[BlackTitle "IM"]
[WhiteElo "2352"]
[BlackElo "2347"]
[WhiteTeam "Serbia"]
[BlackTeam "Romania"]
[WhiteFideId "937266"]
[BlackFideId "1200496"]
[EventDate "2013.11.08"]

1. b3 d5 2. Bb2 c5 3. e3 a6 4. Nf3 Nc6 5. d4 Nf6 6. c4 cxd4 7. Nxd4 e6 8. Nd2
Bd7 9. cxd5 Nxd5 10. Be2 Bb4 11. Bf3 Ne5 12. O-O Nd3 13. Nc4 Nxb2 14. Nxb2 O-O
15. Bxd5 exd5 16. Qe2 Qf6 17. Rfd1 Rac8 18. Rac1 Bc3 19. Rc2 g6 20. h3 Rfe8 21.
Qd3 Bxd4 22. exd4 Rxc2 23. Qxc2 Bb5 24. Nd3 Qxd4 25. Nc5 Qf4 26. Nxb7 d4 27. Qc5
Re2 28. Rf1 Rxa2 29. Qc1 Qf6 30. Qb1 Bxf1 31. Qxa2 Bxg2 32. Kxg2 Qc6+ 33. Kg1
Qxb7 34. Qc2 Qb5 35. Qc8+ Kg7 36. Qd8 d3 37. Qd4+ f6 38. b4 Qg5+ 39. Kf1 Qc1+
40. Kg2 Qc6+ 41. Kg3 Qb5 42. f4 g5 43. h4 gxf4+ 44. Kf2 Qe5 45. Qxd3 Qe3+ 46.
Qxe3 fxe3+ 47. Kxe3 Kg6 48. Kf4 Kh5 49. Kg3 f5 50. Kf4 Kxh4 51. Kxf5 Kg3 0-1

[Event "10th European Teams w"]
[Site "Warsaw POL"]
[Date "2013.11.09"]
[Round "2.6"]
[White "Cosma, Elena-Luminita"]
[Black "Rakic, Marija"]
[Result "1/2-1/2"]
[WhiteTitle "WGM"]
[BlackTitle "WIM"]
[WhiteElo "2326"]
[BlackElo "2291"]
[WhiteTeam "Romania"]
[BlackTeam "Serbia"]
[WhiteFideId "1201590"]
[BlackFideId "936286"]
[EventDate "2013.11.08"]

1. d4 Nf6 2. Nf3 g6 3. Nbd2 Bg7 4. e4 d6 5. Bd3 O-O 6. O-O c5 7. c3 Nfd7 8. Re1
Nc6 9. Nb3 cxd4 10. cxd4 a5 11. Be3 a4 12. Nbd2 Nb4 13. Bf1 d5 14. e5 a3 15.
bxa3 Rxa3 16. Nb1 Ra8 17. Qb3 Qb6 18. Nc3 Qa5 19. Bd2 Qa3 20. Nxd5 Nxd5 21. Qxd5
Nb8 22. Qb5 Qa7 23. Be3 Bd7 24. Qb3 Ba4 25. Qa3 b5 26. Rab1 Qb7 27. Qb2 Na6 28.
Bd3 Nc7 29. Rec1 Rfc8 30. h3 h6 31. Nd2 Kh7 32. Ne4 Ne6 33. Nc3 Qd7 34. Bxb5
Bxb5 35. Qxb5 Qd8 36. Qb6 Qd7 37. Qb7 Qd8 38. Qe4 Qa5 39. Nd5 Re8 40. Rb7 Bf8
41. Nb6 Rad8 42. d5 Ng7 43. Nd7 Nf5 44. Ra7 Qb5 45. a4 Qb3 46. Qc4 Qb2 47. Qc2
Qb4 48. Bc5 Qf4 49. Qc4 Qd2 50. d6 Bg7 51. Bb4 Qg5 52. f4 Qg3 53. Be1 Qa3 54.
Bf2 exd6 55. Nf6+ Bxf6 56. exf6 d5 57. Qc3 Qxc3 58. Rxc3 Kg8 59. g4 Nd6 60. Rd3
Ne4 61. Bd4 Rc8 62. Rd1 Rc2 63. a5 Nd2 64. Re7 Nf3+ 65. Kf1 Nh2+ 66. Kg1 Nf3+
67. Kf1 Nh2+ 1/2-1/2

[Event "10th European Teams w"]
[Site "Warsaw POL"]
[Date "2013.11.09"]
[Round "2.7"]
[White "Worek, Joanna"]
[Black "Cmilyte, Viktorija"]
[Result "1/2-1/2"]
[WhiteTitle "WIM"]
[BlackTitle "GM"]
[WhiteElo "2336"]
[BlackElo "2506"]
[WhiteTeam "Poland III"]
[BlackTeam "Lithuania"]
[WhiteFideId "1118080"]
[BlackFideId "12801259"]
[EventDate "2013.11.08"]

1. d4 d6 2. Nf3 g6 3. c4 Bg7 4. g3 f5 5. Bg2 Nf6 6. O-O O-O 7. Nc3 c6 8. Rb1 a5
9. Qb3 Kh8 10. Rd1 Na6 11. Bd2 Rb8 12. Be1 Qc7 13. d5 e5 14. dxe6 Bxe6 15. Qa3
Nb4 16. b3 Bg8 17. Qc1 h6 18. Nd4 Rbe8 19. a3 Na6 20. Qc2 Nc5 21. e3 Re7 22.
Nce2 Bh7 23. b4 axb4 24. axb4 Ncd7 25. Rbc1 Ne4 26. Nc3 g5 27. Qa2 Ne5 28. b5
Nc5 29. bxc6 bxc6 30. Nce2 Ncd3 31. Ra1 Nxe1 32. Rxe1 Bg8 33. Qc2 Bxc4 34. Nxc6
Bxe2 35. Qxe2 Nxc6 36. Rac1 Nd4 37. Qd2 Qb6 38. exd4 Qxd4 39. Qxd4 Rxe1+ 40.
Rxe1 Bxd4 41. Re6 Be5 42. Rxh6+ Kg7 43. Re6 Rc8 44. Bd5 Rc5 45. Re7+ Kg6 46.
Re6+ Kh5 47. Bb3 g4 48. Ba4 f4 49. gxf4 Bxf4 50. Kg2 Rc3 51. Re8 Be5 52. Bd7 Rh3
53. f4 Bxf4 1/2-1/2

[Event "10th European Teams w"]
[Site "Warsaw POL"]
[Date "2013.11.09"]
[Round "2.7"]
[White "Daulyte, Deimante"]
[Black "Dworakowska, Joanna"]
[Result "1-0"]
[WhiteTitle "WGM"]
[BlackTitle "IM"]
[WhiteElo "2336"]
[BlackElo "2326"]
[WhiteTeam "Lithuania"]
[BlackTeam "Poland III"]
[WhiteFideId "12802859"]
[BlackFideId "1107445"]
[EventDate "2013.11.08"]

1. e4 c5 2. Nc3 e6 3. Nf3 Nc6 4. Be2 Nf6 5. O-O a6 6. d4 cxd4 7. Nxd4 Qc7 8. Kh1
Be7 9. f4 d6 10. Be3 O-O 11. Qe1 Nxd4 12. Bxd4 b5 13. a3 Bb7 14. Qg3 g6 15. Bf3
Rad8 16. f5 e5 17. Be3 Kh8 18. Qf2 Qc4 19. Bg5 Rd7 20. Qh4 Ng8 21. f6 Bd8 22.
Bg4 Rc7 23. Rae1 Bc8 24. Bxc8 Rxc8 25. Bh6 Nxh6 26. Qxh6 Bxf6 27. Rxf6 b4 28.
axb4 Qxb4 29. Rf3 f5 30. Rh3 Rf7 31. Qxg6 Rcf8 32. exf5 Qxb2 33. f6 Qb7 34. Ne4
Rg8 35. Qf5 Qb4 36. c3 Qb2 37. Ng5 Rxg5 38. Qxg5 Qf2 39. Rb1 Rxf6 40. Rb8+ Rf8
41. Rxf8+ Qxf8 42. Rf3 1-0

[Event "10th European Teams w"]
[Site "Warsaw POL"]
[Date "2013.11.09"]
[Round "2.7"]
[White "Bartel, Marta"]
[Black "Zaksaite, Salomeja"]
[Result "1-0"]
[WhiteTitle "WGM"]
[BlackTitle "WIM"]
[WhiteElo "2308"]
[BlackElo "2200"]
[WhiteTeam "Poland III"]
[BlackTeam "Lithuania"]
[WhiteFideId "1123009"]
[BlackFideId "12801496"]
[EventDate "2013.11.08"]

1. Nf3 Nf6 2. c4 g6 3. Nc3 d5 4. cxd5 Nxd5 5. h4 Bg7 6. h5 O-O 7. g3 e5 8. hxg6
hxg6 9. Qb3 Nb6 10. d3 Be6 11. Qd1 c5 12. Ng5 Bf5 13. e4 Bd7 14. Be3 Nc6 15. Nb5
Nd4 16. Nxd4 cxd4 17. Bd2 Qe7 18. a4 a5 19. Bh3 Bc6 20. Qg4 Nxa4 21. Qh4 Rfd8
22. Be6 fxe6 23. Qh7+ Kf8 24. Qxg6 Nc5 25. Rh8+ Bxh8 26. Nh7+ Qxh7 27. Qxh7 Bg7
28. Ra3 b6 29. f4 Rd7 30. Ke2 Rf7 31. fxe5 Ke7 32. Bg5+ Kd7 33. b4 axb4 34. Rxa8
Bxa8 35. Qg8 Re7 36. Bxe7 Bxe5 37. Qd8+ Kc6 38. Qxa8+ Kb5 39. Bxc5 1-0

[Event "10th European Teams w"]
[Site "Warsaw POL"]
[Date "2013.11.09"]
[Round "2.7"]
[White "Batkovskyte, Dominyka"]
[Black "Toma, Katarzyna"]
[Result "0-1"]
[BlackTitle "WGM"]
[WhiteElo "2111"]
[BlackElo "2282"]
[WhiteTeam "Lithuania"]
[BlackTeam "Poland III"]
[WhiteFideId "12803243"]
[BlackFideId "1119907"]
[EventDate "2013.11.08"]

1. d4 d5 2. c4 e6 3. Nc3 Be7 4. cxd5 exd5 5. Bf4 c6 6. e3 Bf5 7. Bd3 Bxd3 8.
Qxd3 Nf6 9. h3 Nbd7 10. Nf3 Nf8 11. O-O Ne6 12. Bh2 O-O 13. Rfc1 Bd6 14. Bxd6
Qxd6 15. Rab1 a5 16. a3 Nd7 17. b4 axb4 18. axb4 b5 19. e4 Nb6 20. exd5 Nf4 21.
Qe4 Nbxd5 22. Nxd5 cxd5 23. Qc2 Ra3 24. Ne5 f6 25. Ng4 Rc3 26. Qd2 Rd3 27. Qc2
Rxd4 28. Qc5 Qd7 29. Rd1 Rc4 30. Qb6 Ne2+ 31. Kh1 Nc3 32. Ne3 Re4 33. Rbc1 Nxd1
34. Rxd1 d4 35. Nf1 Rfe8 36. Ng3 Re1+ 37. Rxe1 Rxe1+ 38. Kh2 d3 39. Qb8+ Re8 0-1

[Event "10th European Teams w"]
[Site "Warsaw POL"]
[Date "2013.11.09"]
[Round "2.8"]
[White "Lagno, Kateryna"]
[Black "Ziaziulkina, Nastassia"]
[Result "1-0"]
[WhiteTitle "GM"]
[BlackTitle "WGM"]
[WhiteElo "2542"]
[BlackElo "2350"]
[WhiteTeam "Ukraine"]
[BlackTeam "Belarus"]
[WhiteFideId "14109336"]
[BlackFideId "13505211"]
[EventDate "2013.11.08"]

1. e4 c5 2. Nf3 d6 3. d4 cxd4 4. Nxd4 Nf6 5. Nc3 a6 6. Be2 e6 7. O-O Be7 8. Be3
O-O 9. a4 Nc6 10. f4 Qc7 11. Kh1 Re8 12. Bf3 Rb8 13. g4 Nd7 14. g5 b6 15. Bg2
Bb7 16. Qh5 Bf8 17. f5 Nde5 18. Qh3 Nxd4 19. Bxd4 exf5 20. exf5 b5 21. axb5 axb5
22. Rf2 b4 23. Ne4 d5 24. g6 fxg6 25. Ng5 h6 26. Ne6 Qd6 27. Bc5 Qd7 28. Nxf8
Rxf8 29. Bxf8 Rxf8 30. Re1 Qd6 31. Qg3 Nc4 32. fxg6 Rxf2 33. Qxf2 Qxg6 34. b3
Na3 35. Re7 Bc6 36. Qg3 Qf6 37. Qe5 Nxc2 38. Qxf6 gxf6 39. Rc7 Nd4 40. Rxc6 1-0

[Event "10th European Teams w"]
[Site "Warsaw POL"]
[Date "2013.11.09"]
[Round "2.8"]
[White "Stetsko, Lanita"]
[Black "Ushenina, Anna"]
[Result "0-1"]
[WhiteTitle "FM"]
[BlackTitle "GM"]
[WhiteElo "2226"]
[BlackElo "2492"]
[WhiteTeam "Belarus"]
[BlackTeam "Ukraine"]
[WhiteFideId "13505300"]
[BlackFideId "14110911"]
[EventDate "2013.11.08"]

1. e4 c5 2. Nf3 d6 3. c3 Nf6 4. Be2 Nbd7 5. d3 b6 6. Nbd2 Bb7 7. O-O e6 8. Re1
Be7 9. Bf1 O-O 10. d4 cxd4 11. cxd4 Qc7 12. Bd3 e5 13. d5 Nc5 14. Bb1 a5 15. Nf1
Rfc8 16. Ng3 g6 17. b3 b5 18. Bg5 Qd8 19. Bd2 b4 20. Bc2 Ne8 21. a3 Qb6 22. a4
Ba6 23. Be3 Nf6 24. h3 Nfd7 25. Nh2 Qd8 26. Ng4 Kh8 27. Nh6 Qe8 28. Qf3 Bf6 29.
Rac1 Qe7 30. h4 Rf8 31. h5 Bg5 32. Qg4 Bxe3 33. Rxe3 Nf6 34. Qf3 Ng8 35. Nxg8
Rxg8 36. Bd1 Raf8 37. Bc2 Bc8 38. Qe2 Qg5 39. hxg6 fxg6 40. Nf1 Ba6 41. Qe1 Bxf1
42. Kxf1 Rc8 43. Rg3 Qe7 44. Qe3 Rc7 45. Rh3 Rgc8 46. Bd1 Nb7 47. Rxc7 Qxc7 48.
Qh6 Qg7 49. Qg5 Nc5 50. Qe3 Rf8 51. Be2 Rf4 52. f3 Qf8 53. Kg1 Qc8 54. Kh2 Rf7
55. Bb5 Qd8 56. g3 Kg8 57. Kg2 Qf6 58. Rh1 g5 59. Be8 Rc7 60. Bc6 Qg6 61. g4 Qf6
62. Rc1 h6 63. Rxc5 dxc5 64. Qxc5 Rf7 65. Qe3 Qf4 66. Qxf4 Rxf4 67. Bd7 Rf6 68.
Kf2 Kf8 69. Ke3 Ke7 70. Bc6 Kd6 71. Bb5 Rf8 72. Bc6 Kc5 73. Bd7 Rh8 74. Bb5 h5
75. gxh5 Rxh5 76. Bc4 Rh2 77. Kd3 Rh3 78. Ke2 g4 79. fxg4 Rg3 80. Kf2 Rxg4 81.
Kf3 Rh4 82. Ke3 Rh3+ 83. Kf2 Kd4 84. d6 Rh6 85. d7 Rd6 86. Be6 Kxe4 87. Ke2 Kf4
88. Bh3 e4 89. Be6 e3 90. Bh3 Rd2+ 91. Ke1 Kf3 92. Bf5 Rd6 93. Be6 e2 94. Bd5+
Ke3 0-1

[Event "10th European Teams w"]
[Site "Warsaw POL"]
[Date "2013.11.09"]
[Round "2.8"]
[White "Zhukova, Natalia"]
[Black "Revo, Tatiana"]
[Result "1-0"]
[WhiteTitle "GM"]
[WhiteElo "2466"]
[BlackElo "2075"]
[WhiteTeam "Ukraine"]
[BlackTeam "Belarus"]
[WhiteFideId "14101513"]
[BlackFideId "13506480"]
[EventDate "2013.11.08"]

1. d4 Nf6 2. c4 g6 3. Nc3 Bg7 4. e4 d6 5. Nf3 O-O 6. Be2 e5 7. O-O Nc6 8. d5 Ne7
9. b4 Nh5 10. g3 f5 11. Ng5 Nf6 12. Bf3 f4 13. c5 a5 14. cxd6 cxd6 15. b5 Ne8
16. Ba3 Nf5 17. exf5 Qxg5 18. fxg6 Qxg6 19. Ne4 Bf5 20. Re1 Rc8 21. Qe2 Nf6 22.
Nxd6 e4 23. Nxc8 Rxc8 24. Rac1 Rxc1 25. Rxc1 exf3 26. Qxf3 Qg4 27. Qxg4 Bxg4 28.
d6 Nd7 29. Rc8+ Kf7 30. Rc4 Be5 31. gxf4 Be6 32. Rc7 Bd4 33. Rxb7 Bb6 34. Bc1
Ke8 35. Be3 Bd8 36. a3 Bd5 37. Ra7 h5 38. h4 Be4 39. Bd4 Bd5 40. f5 Be4 41. b6
Bxf5 42. Rxa5 1-0

[Event "10th European Teams w"]
[Site "Warsaw POL"]
[Date "2013.11.09"]
[Round "2.8"]
[White "Nevioselaya, Maria"]
[Black "Gaponenko, Inna"]
[Result "1/2-1/2"]
[BlackTitle "IM"]
[WhiteElo "2074"]
[BlackElo "2402"]
[WhiteTeam "Belarus"]
[BlackTeam "Ukraine"]
[WhiteFideId "13502280"]
[BlackFideId "14101181"]
[EventDate "2013.11.08"]

1. e4 c5 2. Nf3 Nc6 3. Bb5 Nf6 4. e5 Nd5 5. O-O Nc7 6. a4 g6 7. c3 Bg7 8. d4
cxd4 9. cxd4 O-O 10. Re1 d6 11. Bxc6 bxc6 12. Qc2 Bb7 13. Bg5 Ne6 14. Nbd2 dxe5
15. dxe5 c5 16. Rad1 Qc7 17. Be3 Rfd8 18. Qc3 Rac8 19. Rc1 Qb8 20. Qb3 Bd5 21.
Qxb8 Rxb8 22. b3 Rdc8 23. Rc3 f6 24. exf6 Bxf6 25. Rd3 Rd8 26. h3 Kf7 27. Rc1
Rbc8 28. Kf1 Bxf3 29. Rxd8 Bxg2+ 30. Kxg2 Rxd8 31. Ne4 Bd4 32. Kf3 Rb8 33. Rb1
c4 34. b4 c3 35. Ng5+ Nxg5+ 36. Bxg5 c2 37. Rb3 Ke6 38. Ke2 Kd5 39. Kd2 Rc8 40.
Kc1 e5 41. f3 Bc3 42. b5 Rc4 43. Ra3 Ba5 44. Be3 e4 45. fxe4+ Kxe4 46. Bh6 Kd5
47. Rd3+ Ke6 48. Re3+ Kd7 49. Rd3+ Kc7 50. Rf3 Bb4 51. Rf7+ Kd6 52. Rf3 Kd7 53.
Rd3+ Kc7 54. Rf3 Kd7 55. Rd3+ Kc8 56. Be3 Kb8 57. Rd8+ Kc7 58. Rd3 Bc5 59. Bxc5
Rxc5 60. Rf3 Kb6 61. Rf6+ Ka5 62. Ra6+ Kb4 63. Rxa7 Kb3 64. Re7 Rf5 65. Re3+
Kxa4 66. b6 Rb5 67. Kxc2 Rxb6 68. Re7 h5 69. Kd3 Rb3+ 70. Kc4 Rb4+ 71. Kd5 Kb3
72. Re3+ Kc2 73. Ke5 Kd2 74. Rg3 Rb6 75. Kf4 Ke2 76. Rg2+ Kf1 77. Ra2 Rb3 78.
Ra6 Kg2 79. Rxg6+ Kxh3 80. Rg1 Kh2 81. Rg5 h4 82. Rg6 Rg3 83. Rh6 h3 84. Ra6 Rg1
85. Rh6 Rg3 86. Ra6 Rg1 87. Rh6 Kg2 88. Rg6+ Kh1 89. Rh6 h2 90. Kf3 Ra1 91. Kf2
Ra8 92. Rf6 Ra2+ 93. Kf1 Ra1+ 94. Kf2 Ra2+ 1/2-1/2

[Event "10th European Teams w"]
[Site "Warsaw POL"]
[Date "2013.11.09"]
[Round "2.9"]
[White "Ptacnikova, Lenka"]
[Black "Hoang, Thanh Trang"]
[Result "1-0"]
[WhiteTitle "WGM"]
[BlackTitle "GM"]
[WhiteElo "2238"]
[BlackElo "2511"]
[WhiteTeam "Iceland"]
[BlackTeam "Hungary"]
[WhiteFideId "305650"]
[BlackFideId "12400149"]
[EventDate "2013.11.08"]

1. c4 f5 2. g3 Nf6 3. Bg2 g6 4. Nc3 Bg7 5. d3 O-O 6. e4 fxe4 7. dxe4 d6 8. Nge2
c5 9. O-O Nc6 10. f4 Be6 11. b3 Qd7 12. Be3 Rad8 13. Rc1 Bg4 14. Qd2 e5 15. fxe5
Nxe5 16. Nf4 g5 17. Nd3 Nxd3 18. Qxd3 h6 19. e5 dxe5 20. Qxd7 Rxd7 21. Bxc5 Ra8
22. Nd5 Nxd5 23. Bxd5+ Kh8 24. Kg2 Re8 25. h3 Bh5 26. Be4 b6 27. Be3 Red8 28. c5
bxc5 29. Rxc5 Be2 30. Rfc1 Bd3 31. Bxd3 Rxd3 32. Rc8 Rxc8 33. Rxc8+ Kh7 34. Kf3
Rd6 35. Rc7 a6 36. Ke4 Kg6 37. g4 Bf6 38. b4 Bd8 39. Ra7 Kf6 40. Bc5 Re6 41. a4
Rc6 42. Rd7 Bb6 43. Rd6+ Rxd6 44. Bxd6 Bd4 45. Kd5 Bc3 46. b5 axb5 47. axb5 e4
48. b6 e3 49. b7 e2 50. Bg3 e1=Q 51. Bxe1 Be5 52. Bc3 1-0

[Event "10th European Teams w"]
[Site "Warsaw POL"]
[Date "2013.11.09"]
[Round "2.9"]
[White "Gara, Ticia"]
[Black "Thorsteinsdottir, Hallgerdur"]
[Result "1-0"]
[WhiteTitle "WGM"]
[WhiteElo "2350"]
[BlackElo "1951"]
[WhiteTeam "Hungary"]
[BlackTeam "Iceland"]
[WhiteFideId "717444"]
[BlackFideId "2302454"]
[EventDate "2013.11.08"]

1. e4 c6 2. c4 d5 3. exd5 cxd5 4. cxd5 Nf6 5. Nc3 Nxd5 6. Nf3 Nc6 7. Bb5 g6 8.
Qa4 Qd6 9. O-O Bg7 10. Ne4 Qc7 11. Qb3 Nf6 12. Nxf6+ Bxf6 13. d4 O-O 14. Bh6 Rd8
15. Rac1 Be6 16. Qa3 Bd5 17. Rfe1 Qb6 18. Bxc6 bxc6 19. Bg5 Bxg5 20. Nxg5 Qxd4
21. Qxe7 Qxb2 22. Ne4 Bxe4 23. Qxe4 Qxa2 24. Qxc6 a5 25. h4 h5 26. Ra1 Qb3 27.
Rab1 Qd3 28. Rb7 Qd5 29. Re8+ 1-0

[Event "10th European Teams w"]
[Site "Warsaw POL"]
[Date "2013.11.09"]
[Round "2.9"]
[White "Finnbogadottir, Tinna Kristin"]
[Black "Papp, Petra"]
[Result "0-1"]
[BlackTitle "WGM"]
[WhiteElo "1882"]
[BlackElo "2300"]
[WhiteTeam "Iceland"]
[BlackTeam "Hungary"]
[WhiteFideId "2300214"]
[BlackFideId "739049"]
[EventDate "2013.11.08"]

1. e4 e5 2. Nf3 Nc6 3. Bc4 Bc5 4. b4 Bxb4 5. c3 Ba5 6. d4 d6 7. dxe5 dxe5 8. Qb3
Qf6 9. O-O Bb6 10. Bg5 Qg6 11. Bh4 Nf6 12. Bg3 O-O 13. Nxe5 Nxe5 14. Bxe5 Nxe4
15. Bd3 Bf5 16. Qc2 Rad8 17. Na3 Rxd3 18. Qxd3 Bxf2+ 19. Rxf2 Nxf2 20. Qf3 Nd3
21. Bxc7 Be4 22. Qg3 Qc6 23. Bd6 Rd8 24. Be7 Re8 25. Bd6 Qb6+ 26. Kh1 Nf2+ 27.
Kg1 Nd3+ 28. Kh1 Bxg2+ 29. Kxg2 Re2+ 30. Kh1 Nf2+ 0-1

[Event "10th European Teams w"]
[Site "Warsaw POL"]
[Date "2013.11.09"]
[Round "2.9"]
[White "Rudolf, Anna"]
[Black "Kristinardottir, Elsa Maria"]
[Result "1-0"]
[WhiteTitle "WGM"]
[WhiteElo "2281"]
[BlackElo "1819"]
[WhiteTeam "Hungary"]
[BlackTeam "Iceland"]
[WhiteFideId "722855"]
[BlackFideId "2300370"]
[EventDate "2013.11.08"]

1. e4 c6 2. d4 d5 3. Nc3 dxe4 4. Nxe4 Nf6 5. Nxf6+ exf6 6. c3 Bd6 7. Bd3 O-O 8.
Qh5 Re8+ 9. Ne2 g6 10. Qf3 Be6 11. Bf4 Bd5 12. Qg3 Bxf4 13. Qxf4 Bxg2 14. Rg1
Qd5 15. O-O-O Be4 16. c4 Qe6 17. d5 cxd5 18. cxd5 Qe5 19. Qxe5 Rxe5 20. Bxe4
Rxe4 21. Nc3 Re8 22. d6 Nd7 23. Nd5 Rac8+ 24. Kb1 Kg7 25. Ne7 Rc5 26. Rc1 Rd8
27. a4 Rxc1+ 28. Rxc1 Ne5 29. Rc7 Rxd6 30. Rxb7 Rd7 31. Rxd7 Nxd7 32. Nc6 a6 33.
b4 f5 34. Kc2 Kf6 35. Kc3 h5 36. f4 g5 37. fxg5+ Kxg5 38. a5 f4 39. Kd3 f5 40.
Ne7 Kf6 41. Nc6 Kg5 42. Kd4 Kg4 43. Ne7 h4 44. Kd3 Ne5+ 45. Kd4 f3 46. Kxe5 f2
47. Nxf5 Kh3 48. Ne3 Kxh2 49. Kf4 h3 50. Kg4 1-0

[Event "10th European Teams w"]
[Site "Warsaw POL"]
[Date "2013.11.09"]
[Round "2.10"]
[White "Paehtz, Elisabeth"]
[Black "Heinatz, Gundula"]
[Result "1-0"]
[WhiteTitle "IM"]
[BlackTitle "WIM"]
[WhiteElo "2449"]
[BlackElo "2169"]
[WhiteTeam "Germany"]
[BlackTeam "Switzerland"]
[WhiteFideId "4641833"]
[BlackFideId "4612434"]
[EventDate "2013.11.08"]

1. e4 e6 2. d4 d5 3. e5 c5 4. c3 Nc6 5. Nf3 Qb6 6. a3 Nh6 7. b4 cxd4 8. Bxh6
gxh6 9. cxd4 Bd7 10. Ra2 Rg8 11. h3 Be7 12. g3 h5 13. Be2 h4 14. g4 f6 15. Qd3
Rg7 16. b5 Na5 17. exf6 Bxf6 18. Nbd2 O-O-O 19. Qe3 Rf8 20. Rc2+ Kd8 21. g5 1-0